Metóda na testovanie tvaru lesklého kovového povrchu pomocou syntetického hologramu : Kand.diz.práca : V.odb. 11-20-9 : Obh. 02.03.1982 /

Gespeichert in:
Bibliographische Detailangaben
1. Verfasser: Benco, Peter, 1952- (Verfasst von)
Weitere Verfasser: Petráš, Jozef (Betreuung Doktorarbeit)
Format: Manuskript Buch
Veröffentlicht: Bratislava : SVŠT v Bratislave SjF, 1980
Schlagworte:
Tags: Tag hinzufügen
Keine Tags, Fügen Sie das erste Tag hinzu!

MARC

LEADER 00000ntm a22000003a 4500
001 stu5327
005 20150617225811.3
008 ------s1980----------------------------d
040 |a STU  |b slo 
041 0
100 1 |a Benco, Peter,  |d 1952-  |4 aut  |u J160  |U SjF Ústav matematiky a fyziky  |T SjF Katedra fyziky  |X 2472  |U J160  |Y 41  |7 A000002472 
245 1 |a Metóda na testovanie tvaru lesklého kovového povrchu pomocou syntetického hologramu :  |b Kand.diz.práca : V.odb. 11-20-9 : Obh. 02.03.1982 /  |c [aut.] Benco,Peter, Ing.; Škol. Petráš,Jozef 
260 |a Bratislava :  |b SVŠT v Bratislave SjF,  |c 1980 
300 |a 111 s :  |b príl +  |c Autoref.1980, 20 s 
650 7 |a experimentálna fyzika  |2 stusub 
700 1 |a Petráš, Jozef  |4 ths 
996 |b 284ED00170  |c E*KDIZ-341  |l EE01  |s A  |a 24  |w stu5327_0001